000 00502nam a2200169Ia 4500
008 230125s9999 xx 000 0 und d
020 _a978-93-5316-814-8
041 _aeng
082 _a658.001
_bKOO/ETC
100 _aKoontz H
245 _aEssentials of Management : An International, Innovation and Leadership Perspective
250 _a11th Ed.
260 _c2020
_bMcGraw-Hill
_aTamil Nadu
300 _a590p
700 _aKoontz H; Weihrich H & Cannice M V
_9118833
999 _c96975
_d96975